The commander of the faithful
Salvato in:
| Autore principale: | |
|---|---|
| Natura: | Libro |
| Lingua: | Undetermined |
| Pubblicazione: |
London
Weidenfeld and Nicolson
1970
|
| Tags: |
Aggiungi Tag
Nessun Tag, puoi essere il primo ad aggiungerne! !
|
| Thư viện lưu trữ: | Trung tâm Học liệu Trường Đại học Cần Thơ |
|---|
| LEADER | 00445nam a2200169Ia 4500 | ||
|---|---|---|---|
| 001 | CTU_78000 | ||
| 008 | 210402s9999 xx 000 0 und d | ||
| 082 | |a 320.9 | ||
| 082 | |b W324 | ||
| 100 | |a Waterbury, John | ||
| 245 | 4 | |a The commander of the faithful | |
| 245 | 0 | |c John Waterbury | |
| 260 | |a London | ||
| 260 | |b Weidenfeld and Nicolson | ||
| 260 | |c 1970 | ||
| 904 | |i Mai Loan | ||
| 980 | |a Trung tâm Học liệu Trường Đại học Cần Thơ | ||